000 01537nam a2200337 c 4500
003 BLK
005 20180420225717.0
008 180409b bul|||||r ||||||| ||bul||
010 _aKNG00101188000
020 _a954-9574-78-4
_bиздат.: Тракия-М
040 _aBLK
041 _aBUL
_cBUL
080 _aКапиталовложения. Образуване на капитала. Инвестиции
_b330.322
_x(075.8)
_z330.322(075.8)
100 1 _aАлександрова, Маргарита Русева
_eпърви автор
_9282872
139 _aАлександрова, Маргарита Русева
_bА 51
245 1 0 _aФинансови критерии и техники за оптимизация на инвестиционния избор при инвестиции в реални активи
_bУчебник
_cМаргарита Русева Александрова.
257 _aBGR
260 София
_bТракия-М
_c2001
300 _a338 с.
_bс табл., диагр.
_c21 см
380 _a3
500 _aКор. загл. Оптимизация на инвестиционния избор. - Офс. изд. - Библиогр. с. 337-338.
504 _a337-338
650 4 _aИнвестиции - учебници за ВУЗ
_9254289
653 _aинвестиции
653 _aучебници за ВУЗ
852 _aЦб 211375
856 4 _qpdf
_u
856 4 _qpdf
_u
942 _cKNG
_n0
944 _aCR
_c01.01.2001
_kЛюдмила_Стоянова
944 _aED
_c11.09.2006
_k
999 _c96295
_d96295